| 000 | 00572nam a2200217Ia 4500 | ||
|---|---|---|---|
| 005 | 20251118154018.0 | ||
| 008 | 230125s9999 xx 000 0 und d | ||
| 020 | _a81-7167-990-0 | ||
| 041 | _aeng | ||
| 082 |
_a158.1 _bSG |
||
| 100 |
_aSita Gita _9215061 |
||
| 245 | _aSita Gita speaks on ge rid of stress balance your life | ||
| 260 |
_c2002 _bRupa & Co. Publisher _aNew Delhi |
||
| 300 | _a65p | ||
| 440 |
_aSita gita speaks on _9215062 |
||
| 500 | _aPersonality Development, | ||
| 650 | _aGeneral | ||
| 700 |
_aSita Gita _9215061 |
||
| 906 | _b8 | ||
| 942 | _cBK | ||
| 999 |
_c89737 _d89737 |
||